000 00833nam a22001457a 4500
008 180209b xxu||||| |||| 00| 0 eng d
020 _a9781608312894
050 _aRC683.5.E5 E256
245 _aECG interpretation made incredibly easy. /
260 _aNew York:
_bLippincott Williams & Wilkins,
_c2011.
300 _avii, 375p.:
_bill.;
_c23 cm
500 _aIncludes index
505 _aContents: ECG fundamentals: Cardiac anatomy and physiology -- Obtaining a rhythm strip -- Interpreting a rhythm strip -- Recognizing arrhythmias: Sinus node arrhythmias -- Atrial arrhythmias -- Junctional arrhythmias -- Ventricular arrhythmias -- Atrioventricular blocks -- Trating arrhythmias: Nonpharmacologic treatments -- Pharmacologic treatments -- The 12-lead ECG: Obtaining a 12-lead ECG -- Interpreting a 12-lead ECG.
942 _2lcc
_cBK
999 _c6512
_d14012